Statistiche per Chi ha detto queste frasi

Clicka qui per fare il quiz!

Statistiche generali

  • Questo quiz è stato fatto 22 volte
  • Il punteggio medio è 5 su 15

Statistiche sulle risposte

HintRisposta% Corretto
Ma chi è chel mona ch-che-che batte la porta e che chiude u-urlando??!Germano Mosconi
69%
Non ti permettere assolutamente di nominare mia madre. Non ti permettere mai più, mai più. Mai più!Antonio Zequila
46%
Rimo da quandoGue Pequeno
46%
I made that bitch famousKanye West
46%
Ciao scusatemi vi devo salutare perché devo andare a puttaneSilvio Berlusconi
46%
America is a nation that can be defined in a single word: AsufutimaehaehfutbwJoe Biden
38%
Io abbasso lo sguardo perché tu mi arrivi al cazzoMarracash
38%
No scusi ho sbagliato bancaNevio lo stirato
31%
Sono meglio di Eminem (Sono italiano)Rosa Chemical
31%
Chi cazzo è il tuo gioielliereTony Effe
31%
I gay? Io rispetto l'omofobiaFrancesco Totti
23%
Ti metto incinta. ti metto incinta te ne vai da lecce. te ne vai con 2 gemelli. te ne vai incinta con 2 gemelliGiuseppe Simone
23%
Le mucche fanno mu, la chiesa c'ha Gesù Ma solo una delle due, frà, non paga l'IMUNello Taver
15%
Falco, mi senti? Dove sei? E cosa fai?Rkomi
15%
Arriva il carico quindi lo scaricoSimba la Rue
15%

Distribuzione punteggi

Percentile per numero di risposta

Percentuale di utenti per punteggio

I tuoi punteggi nel tempo

Non hai fatto questo quiz